Every MLB Player to Hit a Home Run in 2025 - NL - Statistics

General Stats
  • This quiz has been taken 177 times
    67 since last reset
  • The average score is 84 of 242
Answer Stats
Team Player % Correct
NYM Juan Soto
79%
CHC Pete Crow-Armstrong
77%
CIN Elly De La Cruz
75%
PHI Bryce Harper
73%
NYM Francisco Lindor
73%
CHC Justin Turner
73%
CHC Kyle Tucker
73%
NYM Pete Alonso
73%
ATL Ronald Acuna
73%
PHI Trea Turner
73%
PIT Oneil Cruz
71%
NYM Brandon Nimmo
69%
LAD Freddie Freeman
69%
COL Tyler Freeman
69%
SFG Dominic Smith
67%
CHC Ian Happ
67%
PHI Kyle Schwarber
67%
ARI Pavin Smith
67%
CHC Seiya Suzuki
67%
LAD Will Smith
67%
PHI Johan Rojas
65%
LAD Miguel Rojas
65%
LAD Shohei Ohtani
65%
SD Fernando Tatis Jr.
63%
ARI Ketel Marte
63%
CHC Michael Busch
63%
LAD Mookie Betts
63%
CHC Nico Hoerner
63%
CIN Noelvi Marte
63%
NYM Starling Marte
63%
STL Willson Contreras
63%
NYM Brett Baty
60%
MIL Brice Turang
60%
MIA Heriberto Hernandez
60%
LAD Kike Hernandez
60%
SD Manny Machado
60%
ATL Matt Olson
60%
STL Nolan Arenado
60%
LAD Teoscar Hernandez
60%
MIL William Contreras
60%
PHI Alec Bohm
58%
LAD Andy Pages
58%
MIL Christian Yelich
58%
CHC Dansby Swanson
58%
NYM Francisco Alvarez
58%
MIL Jackson Chourio
58%
WAS James Wood
58%
PHI J.T. Realmuto
58%
MIA Kyle Stowers
58%
STL Pedro Pages
58%
ARI Corbin Carroll
56%
NYM Jeff McNeil
56%
ATL Ozzie Albies
56%
SFG Willy Adames
56%
PHI Bryson Stott
54%
NYM Mark Vientos
54%
LAD Max Muncy
54%
PHI Nick Castellanos
54%
ARI Eugenio Suarez
52%
ARI Geraldo Perdomo
52%
WAS Josh Bell
52%
SD Luis Arraez
52%
CHC Matt Shaw
52%
ATL Austin Riley
50%
PHI Brandon Marsh
50%
ATL Drake Baldwin
50%
SD Jackson Merrill
50%
MIL Sal Frelick
50%
PIT Bryan Reynolds
48%
LAD Hyeseong Kim
48%
SFG Rafael Devers
48%
NYM Tyrone Taylor
48%
PIT Andrew McCutchen
46%
ARI Josh Naylor
46%
CIN | PIT Ke'Bryan Hayes
46%
ATL Marcell Ozuna
46%
STL Masyn Winn
46%
ATL Michael Harris II
46%
STL Brendan Donovan
44%
CHC Carson Kelly
44%
COL Hunter Goodman
44%
SD Jake Cronenworth
44%
STL Jordan Walker
44%
ATL Jurickson Profar
44%
NYM Luis Torrens
44%
SFG Matt Chapman
44%
CIN Matt McLain
44%
MIA Otto Lopez
44%
LAD Tommy Edman
44%
MIA Xavier Edwards
44%
MIA Agustin Ramirez
42%
ARI Alek Thomas
42%
WAS C.J. Abrams
42%
COL Ezequiel Tovar
42%
PHI Harrison Bader
42%
MIL Rhys Hoskins
42%
ATL Sean Murphy
42%
ARI Gabriel Moreno
40%
MIL Joey Ortiz
40%
STL Lars Nootbaar
40%
COL Orlando Arcia
40%
SFG Patrick Bailey
40%
CIN Spencer Steer
40%
CIN T.J. Friedl
40%
SD Xander Bogaerts
40%
STL Alec Burleson
38%
SFG Heliot Ramos
38%
PIT Isiah Kiner-Falefa
38%
NYM Jared Young
38%
PIT Joey Bart
38%
ARI Lourdes Gurriel
38%
CHC Miguel Amaya
38%
COL Ryan McMahon
38%
STL Victor Scott II
38%
MIL Andrew Vaughn
35%
ARI Jake McCarthy
35%
SFG Jung Hoo Lee
35%
SFG Mike Yastrzemski
35%
COL Brenton Doyle
33%
WAS Dylan Crews
33%
SD Elias Diaz
33%
LAD Esteury Ruiz
33%
WAS Keibert Ruiz
33%
WAS Luis Garcia Jr.
33%
CIN Tyler Stephenson
33%
MIL Caleb Durbin
31%
PIT Jack Suwinski
31%
LAD Michael Conforto
31%
LAD Dalton Rushing
29%
CIN Gavin Lux
29%
MIL Isaac Collins
29%
STL Ivan Herrera
29%
CIN Jeimer Candelario
29%
ARI Jose Herrera
29%
CIN Jose Trevino
29%
PHI Max Kepler
29%
COL Michael Toglia
29%
STL Nolan Gorman
29%
LAD | WAS Alex Call
27%
PIT Henry Davis
27%
MIL Jake Bauers
27%
NYM Jesse Winker
27%
MIL Blake Perkins
25%
CIN Christian Encarnacion-Strand
25%
PHI Edmundo Sosa
25%
ATL Eli White
25%
COL Mickey Moniak
25%
WAS Nathaniel Lowe
25%
PIT Nick Gonzales
25%
PIT Spencer Horwitz
25%
MIL Andruw Monasterio
23%
MIA Griffin Conine
23%
PIT Jared Triolo
23%
COL Jordan Beck
23%
SD Jose Iglesias
23%
SD Gavin Sheets
21%
CIN Jake Fraley
21%
ATL Jarred Kelenic
21%
MIA Javier Sanoja
21%
SFG LaMonte Wade Jr.
21%
SD Ramon Laureano
21%
PIT Tommy Pham
21%
PHI Weston Wilson
21%
CIN Will Benson
21%
NYM Cedric Mullins
19%
MIA Connor Norby
19%
SFG Daniel Johnson
19%
SD Freddy Fermin
19%
LAD James Outman
19%
MIA Jesus Sanchez
19%
STL Jose Fermin
19%
WAS Riley Adams
19%
NYM Ronny Mauricio
19%
SFG Wilmer Flores
19%
MIA Jakob Marsee
17%
SFG Jerar Encarnacion
17%
MIA Liam Hicks
17%
SD Martin Maldonado
17%
MIA Nick Fortes
17%
PHI Otto Kemp
17%
ARI Randal Grichuk
17%
SD Ryan O'Hearn
17%
CIN Austin Hays
15%
WAS Brady House
15%
MIA Derek Hill
15%
SFG Drew Gilbert
15%
MIA Matt Mervis
15%
CHC Owen Caissie
15%
WAS Paul DeJong
15%
CHC Reese McGuire
15%
SFG Tyler Fitzgerald
15%
CHC Willi Castro
15%
STL Yohel Pozo
15%
ARI Adrian Del Castillo
13%
ARI Blaze Alexander
13%
WAS Daylen Lile
13%
WAS Robert Hassell III
13%
COL Warming Bernabel
13%
WAS Amed Rosario
10%
ARI James McCann
10%
SD Jason Heyward
10%
PHI Rafael Marchan
10%
PIT Adam Frazier
8%
CIN Blake Dunn
8%
MIA Dane Myers
8%
MIL Eric Haase
8%
MIA Eric Wagaman
8%
COL Kyle Farmer
8%
SFG Luis Matos
8%
CIN Miguel Andujar
8%
COL Nick Martini
8%
SFG Sam Huff
8%
COL Thairo Estrada
8%
STL Thomas Saggese
8%
MIL Vinny Capra
8%
COL Yanquiel Fernandez
8%
COL Adael Amador
6%
PIT Alexander Canario
6%
SFG Andrew Knizner
6%
SFG Casey Schmitt
6%
ARI Ildemaro Vargas
6%
CIN Rece Hinds
6%
COL Zac Veen
6%
SFG Christian Koss
4%
MIL Daz Cameron
4%
COL Sam Hilliard
4%
MIA Troy Johnston
4%
ARI Tyler Locklear
4%
COL Braxton Fulford
2%
PIT Enmanuel Valdez
2%
STL Jose Barrero
2%
COL Kyle Karros
2%
PIT Liover Peguero
2%
COL Ryan Ritter
2%
COL Sean Bouchard
2%
ARI Tim Tawa
2%
SD Trenton Brooks
2%
CIN Austin Wynns
0%
SFG Brett Wisely
0%
PIT Matt Gorski
0%
No matching quizzes found
Score Distribution
Percent of People with Each Score
Percentile by Number Answered
Your Score History
You have not taken this quiz since the last reset